Statistiken für Städte mit "V"

Klicken Sie hier um das Quiz zu spielen!

Allgemein

  • Dieses Quiz wurde 20 mal gespielt
  • Das Durchschnittsergebnis liegt bei 10 aus 41

Antwortstatistiken

LandStadt% Korrekt
Liechtenstein 🇱🇮Vaduz
82%
Vatikan 🇻🇦Vatikan - Stadt
82%
Litauen 🇱🇹Vilnius
82%
Spanien 🇪🇸Valencia
76%
Malta 🇲🇹Valletta
76%
Italien 🇮🇹Verona
71%
Kanada 🍁Vancouver
65%
Italien 🇮🇹Venedig
65%
Österreich 🇦🇹Villach
41%
Seychellen 🇸🇨Victoria
35%
USA 🇺🇸Victorville
35%
Laos 🇱🇦Vientiane
35%
Deutschland 🇩🇪Viersen
35%
USA 🇺🇸Virginia Beach
35%
Chile 🇨🇱Valparaiso
24%
Deutschland 🇩🇪Velbert
24%
Dänemark 🇩🇰Viborg
24%
Schweden 🇸🇪Visby
24%
Deutschland 🇩🇪Vechta
18%
Finnland 🇫🇮Vantaa
12%
Schweden 🇸🇪Växjö
12%
Frankreich 🇫🇷Versailles
12%
Italien 🇮🇹Vicenza
12%
Frankreich 🇫🇷Villejuif
12%
Chile 🇨🇱Valdivia
6%
Frankreich 🇫🇷Vannes
6%
Dänemark 🇩🇰Vejle
6%
Portugal 🇵🇹Vila Real
6%
Brasilien 🇧🇷Vitoria
6%
Indien 🇮🇳Vadodara
0%
Frankreich 🇫🇷Valence
0%
USA 🇺🇸Vallejo
0%
Schweden 🇸🇪Varberg
0%
Italien 🇮🇹Varese
0%
Schweden 🇸🇪Västeras
0%
USA 🇺🇸Ventura
0%
Belgien 🇧🇪Vilvoorde
0%
Chile 🇨🇱Vina del Mar
0%
USA 🇺🇸Visalia
0%
USA 🇺🇸Vista
0%
Italien 🇮🇹Viterbo
0%

Verteilung der Resultate

Perzentil nach korrekt beantworteten Fragen

Anzahl Personen mit jedem Resultat

Ihre Resultats-Entwicklung

Sie haben dieses Quiz noch nicht gespielt